<?xml version="1.0" encoding="UTF-8"?>
<record
    xmlns:xsi="http://www.w3.org/2001/XMLSchema-instance"
    xsi:schemaLocation="http://www.loc.gov/MARC21/slim http://www.loc.gov/standards/marcxml/schema/MARC21slim.xsd"
    xmlns="http://www.loc.gov/MARC21/slim">

  <leader>00718nam1a22002291i 4500</leader>
  <controlfield tag="001">rc\2943610</controlfield>
  <controlfield tag="005">20240723220411.0</controlfield>
  <datafield tag="035" ind1=" " ind2=" ">
    <subfield code="a">(NLR Aleph) 007092076</subfield>
  </datafield>
  <datafield tag="090" ind1=" " ind2=" ">
    <subfield code="a">6584354</subfield>
    <subfield code="c">6584354</subfield>
  </datafield>
  <datafield tag="100" ind1=" " ind2=" ">
    <subfield code="a">20050405d1939    |||y0rusy50      ca</subfield>
  </datafield>
  <datafield tag="101" ind1="0" ind2=" ">
    <subfield code="a">rus</subfield>
  </datafield>
  <datafield tag="102" ind1=" " ind2=" ">
    <subfield code="a">RU</subfield>
  </datafield>
  <datafield tag="105" ind1=" " ind2=" ">
    <subfield code="a">y   z   ||||y</subfield>
  </datafield>
  <datafield tag="200" ind1="1" ind2=" ">
    <subfield code="a">&#x422;&#x430;&#x432;&#x440;&#x438;&#x437; &#x442;&#x443;&#x43C;&#x430;&#x43D;&#x43D;&#x44B;&#x439;</subfield>
    <subfield code="e">&#x420;&#x43E;&#x43C;&#x430;&#x43D;</subfield>
    <subfield code="e">&#x41A;&#x43D;. 1-</subfield>
    <subfield code="f">&#x41C;.&#x421;. &#x41E;&#x440;&#x434;&#x443;&#x431;&#x430;&#x434;&#x44B;</subfield>
    <subfield code="g">&#x41F;&#x43E;&#x434; &#x440;&#x435;&#x434;. &#x410;&#x437;&#x438;&#x437;&#x430; &#x428;&#x430;&#x440;&#x438;&#x444;&#x430;</subfield>
  </datafield>
  <datafield tag="210" ind1=" " ind2=" ">
    <subfield code="a">&#x411;&#x430;&#x43A;&#x443;</subfield>
    <subfield code="c">&#x410;&#x437;&#x435;&#x440;&#x43D;&#x435;&#x448;&#x440;</subfield>
    <subfield code="d">1939</subfield>
  </datafield>
  <datafield tag="215" ind1=" " ind2=" ">
    <subfield code="d">17 &#x441;&#x43C;</subfield>
  </datafield>
  <datafield tag="700" ind1=" " ind2="1">
    <subfield code="a">&#x41E;&#x440;&#x434;&#x443;&#x431;&#x430;&#x434;&#x44B;</subfield>
    <subfield code="b">&#x41C;.&#x421;.</subfield>
    <subfield code="f">1872-1950</subfield>
    <subfield code="g">&#x41C;&#x430;&#x43C;&#x435;&#x434; &#x421;&#x430;&#x43D;&#x434;</subfield>
  </datafield>
  <datafield tag="702" ind1=" " ind2="1">
    <subfield code="a">&#x428;&#x430;&#x440;&#x438;&#x444;</subfield>
    <subfield code="b">&#x410;.</subfield>
    <subfield code="g">&#x410;&#x437;&#x438;&#x437;</subfield>
    <subfield code="4">340</subfield>
  </datafield>
  <datafield tag="801" ind1=" " ind2="0">
    <subfield code="a">RU</subfield>
    <subfield code="b">NLR</subfield>
    <subfield code="g">psbo</subfield>
  </datafield>
  <datafield tag="801" ind1=" " ind2="1">
    <subfield code="a">RU</subfield>
    <subfield code="b">ELAR</subfield>
    <subfield code="2">rusmarc</subfield>
  </datafield>
  <datafield tag="852" ind1=" " ind2=" ">
    <subfield code="a">NLR</subfield>
    <subfield code="j">39-16/54(1)</subfield>
  </datafield>
  <datafield tag="942" ind1=" " ind2=" ">
    <subfield code="c">BOOK</subfield>
  </datafield>
</record>
